00406cam a22001217a 4500008004000000020001500040082001500055245012700070260002400197300001000221650002600231700002700257180718b1999 xxu||||| |||| 00| 0 eng d a8122005500 aA6x54 W557 aCondition of India: being the report of the delegation sent to India by the India League in 1932cby Monica Whately et.al. aDelhibKonarkc1999 a554p. aIndia - History, 1932 aWhately, Monica et.al.